طرق تدريس التربية الفنية ومناهجها / (رقم التسجيلة. 27212)
[ عرض عادي ]
| 000 -الفاتح | |
|---|---|
| حقل البيانات ثابتة الطول | 00739nam a22002057a 4500 |
| 003 - محدد رقم الضبط | |
| رقم الضبط | OSt |
| 005 - وقت وتاريخ اخر تعامل مع التسجيلة | |
| رقم الضبط | 20150408114112.0 |
| 008 - عناصر البيانات ثابتة الطول - معلومات عامة | |
| حقل البيانات ثابتة الطول | 130129s2007 jo ||||f b 00| 0 ara d |
| 040 ## - مصدر الفهرسة | |
| وكالة الفهرسة الأصلية | MU |
| لغة الفهرسة | ara |
| 082 04 - رقم تصنيف ديوى العشرى | |
| رقم الطبعة | 21 |
| رقم التصنيف | 740.71 |
| رقم المادة | ع م ط |
| 100 1# - المدخل الرئيسى - إسم شخصى | |
| الإسم الشخصى | العتوم، منذر سامح |
| 9 (RLIN) | 20100 |
| 245 10 - بيان العنوان | |
| العنوان | طرق تدريس التربية الفنية ومناهجها / |
| بيان المسئوليه,etc | تأليف منذر سامح العتوم. |
| 250 ## - بيان الطبعة | |
| بيان الطبعة | ط. 1. |
| 260 ## - PUBLICATION, DISTRIBUTION, ETC. (IMPRINT) | |
| مكان الناشر او الموزع | عمان، الأردن : |
| اسم الناشر او الموزع | دار المناهج، |
| تاريخ النشر أو التوزيع | 2007. |
| 300 ## - الوصف المادى | |
| التعداد | 281 ص. : |
| تفاصيل ماديه اخرى للوعاء | جداول ؛ |
| أبعاد الوعاء | 24 سم. |
| 504 ## - تبصرة ببليوجرافية | |
| تبصرة ببليوجرافية,الخ | ببليوجرافية : ص. 277-281. |
| 650 #4 - المدخل الاضافى بالموضوع-مصطلح موضوعى | |
| مصطلح موضوعي أو اسم جغرافي كعنصر مدخل | التربية الفنية |
| التقسيم الفرعي العام | دراسة وتعليم. |
| 9 (RLIN) | 20101 |
| 650 #4 - المدخل الاضافى بالموضوع-مصطلح موضوعى | |
| مصطلح موضوعي أو اسم جغرافي كعنصر مدخل | طرق التدريس. |
| 942 ## - عناصر المدخل الإضافي( كوها) | |
| مصدر التصنيف او مخطط الترفيف | Dewey Decimal Classification |
| Koha [default] item type | DVD |
| حالة الفقد | نموذج السعر الفعال | حالة تلف | ليس للاعارة | رقم الطلب | رقم النسخة | تاريخ الاكتساب | الموقع الحالي | الباركود | الفرع الرئيسي | Date last seen | نوع المادة فى نظام كوها | مصدر التصنيف او خطة الترفيف | Total Checkouts |
|---|---|---|---|---|---|---|---|---|---|---|---|---|---|
| 2013-03-10 | 740.71 ع م ط | ن 1 | 2013-01-29 | المكتبة المركزية بالمجمعة (CL) | 00107514 | المكتبة المركزية بالمجمعة (CL) | 2013-03-10 | كتاب | Dewey Decimal Classification | ||||
| 2013-03-10 | 740.71 ع م ط | ن 2 | 2013-01-29 | المكتبة المركزية بالمجمعة (CL) | 00107513 | المكتبة المركزية بالمجمعة (CL) | 2013-03-10 | كتاب | Dewey Decimal Classification | ||||
| 2013-03-10 | 740.71 ع م ط | ن 3 | 2013-01-29 | المكتبة المركزية بالمجمعة (CL) | 00107512 | المكتبة المركزية بالمجمعة (CL) | 2013-03-10 | كتاب | Dewey Decimal Classification | ||||
| 2013-03-10 | 740.71 ع م ط | ن 1 | 2013-01-29 | مكتبة كلية العلوم و الدراسات الإنسانية برماح - طالبات (SRF) | 00107509 | مكتبة كلية العلوم و الدراسات الإنسانية برماح - طالبات (SRF) | 2013-03-10 | كتاب | Dewey Decimal Classification | ||||
| 2013-03-10 | 740.71 ع م ط | ن 2 | 2013-01-29 | مكتبة كلية العلوم و الدراسات الإنسانية برماح - طالبات (SRF) | 00107508 | مكتبة كلية العلوم و الدراسات الإنسانية برماح - طالبات (SRF) | 2013-03-10 | كتاب | Dewey Decimal Classification | ||||
| 2013-03-10 | 740.71 ع م ط | ن 1 | 2013-01-29 | مكتبة كلية العلوم و الدراسات الإنسانية برماح - طلاب (SRM) | 00107507 | مكتبة كلية العلوم و الدراسات الإنسانية برماح - طلاب (SRM) | 2013-03-10 | كتاب | Dewey Decimal Classification | ||||
| 2013-03-10 | 740.71 ع م ط | ن 2 | 2013-01-29 | مكتبة كلية العلوم و الدراسات الإنسانية برماح - طلاب (SRM) | 00107506 | مكتبة كلية العلوم و الدراسات الإنسانية برماح - طلاب (SRM) | 2013-03-10 | كتاب | Dewey Decimal Classification | ||||
| 2013-03-10 | 740.71 ع م ط | ن 1 | 2013-01-29 | مكتبة مجمع الكليات بالزلفى - طلاب (SZM) | 00107511 | مكتبة مجمع الكليات بالزلفى - طلاب (SZM) | 2013-03-10 | كتاب | Dewey Decimal Classification | ||||
| 2013-03-10 | 740.71 ع م ط | ن 2 | 2013-01-29 | مكتبة مجمع الكليات بالزلفى - طلاب (SZM) | 00107510 | مكتبة مجمع الكليات بالزلفى - طلاب (SZM) | 2013-03-10 | كتاب | Dewey Decimal Classification |
